Busi in corpo 11 : miracoli e misfatti, opere e opinioni, lettere e sentenze /

Uloženo v:
Podrobná bibliografie
Hlavní autor: Cavalli, Marco, (1968- ) (Autor)
Další autoři: Busi, Aldo
Médium: Kniha
Jazyk:italština
Vydáno: Milano : Il saggiatore, [2006]
Edice:Biblioteca ; 20
Témata:
Tagy: Přidat tag
Žádné tagy, Buďte první, kdo vytvoří štítek k tomuto záznamu!

MARC

LEADER 00000nam a2200000 i 4500
001 IT\ICCU\RAV\1413508
003 ItRI
005 20250818193520.0
008 060215s2006 it |||||| ||||| |||||c
015 |2 IT  |a 2007-1025 
020 |a 8842812129 
040 |b ita  |c ct 
041 7 |a ita  |2 ISO-639-2 
082 |a 853.914  |2 21 
100 1 |a Cavalli, Marco,  |d  (1968- )  |0 IT\ICCU\CFIV\007167  |4 aut 
245 1 0 |a Busi in corpo 11 :  |b miracoli e misfatti, opere e opinioni, lettere e sentenze /  |c Marco Cavalli ; con due racconti inediti di Aldo Busi. 
260 |a Milano :  |b Il saggiatore,  |c [2006] 
300 |a 526 p. ;  |c 22 cm. 
650 7 |a BUSI ALDO 
700 1 |a Busi, Aldo  |0 IT\ICCU\CFIV\025907 
830 0 |a Biblioteca ;  |v 20  |0 IT\ICCU\LO1\0837155 
942 |2 ddc  |c BK 
952 |0 0  |1 0  |2 ddc  |4 0  |6 B_SCR03CAVMABUS11  |7 0  |9 5812  |a MI  |b MI  |d 2006-03-17  |i 5120  |l 0  |o B-SCR03-CAVMA-BUS11  |p CDOM5120  |r 2025-07-13 16:28:05  |w 2025-07-13  |x ACQUISTO  |y BK 
981 1 |6 z01  |a i   |b xxxe  
982 1 |6 z01  |a n 
999 |c 4641  |d 4641